Loading...
| Fine Arts - Other Arts | 4 | 1 | 1 | 1 | 65 | 53 | 80.00 | 3 | 4 | 17.25 | 30.58 |
| Visual Arts | 2 | 2 | 0 | 0 | 50 | 19 | 82.00 | 1 | 4 | 13.57 | 23.33 |
| Social Science | 0 | 4 | 0 | 0 | 40 | 75 | 103.25 | 1 | 1 | 3.73 | 7.08 |
| Science - Biology | 0 | 2 | 0 | 1 | 20 | 110 | 118.50 | 0 | 0 | 1.51 | 8.39 |
| Literature - British | 0 | 1 | 0 | 0 | 10 | 143 | 143.00 | 0 | 0 | 0.26 | 2.56 |
| Other Academic | 0 | 1 | 0 | 0 | 10 | 76 | 76.00 | 0 | 1 | 6.18 | 8.57 |
| History - European | 0 | 1 | 0 | 0 | 10 | 103 | 103.00 | 0 | 0 | 1.55 | 1.28 |
| Literature - American | 0 | 1 | 0 | 0 | 10 | 98 | 98.00 | 0 | 0 | 1.85 | 2.56 |
| Geography | 0 | 1 | 0 | 1 | 10 | 133 | 133.00 | 0 | 0 | 0.37 | 9.09 |
| Literature - World | 0 | 1 | 1 | 1 | 5 | 146 | 146.00 | 0 | 0 | 0.05 | 1.28 |
| History - Other | 0 | 0 | 0 | 0 | 0 | 0.00 | 0 | 0 | 0.00 | 0.00 |